Contabilidad de costos : (Registro nro. 24327)

Detalles MARC
000 -LEADER
fixed length control field 01280nam a2200289 4500
001 - CONTROL NUMBER
control field 0000020273
003 - CONTROL NUMBER IDENTIFIER
control field CO-CtgCURN
005 - DATE AND TIME OF LATEST TRANSACTION
control field 20250331185244.0
007 - PHYSICAL DESCRIPTION FIXED FIELD--GENERAL INFORMATION
fixed length control field ta
008 - FIXED-LENGTH DATA ELEMENTS--GENERAL INFORMATION
fixed length control field 160627s2010 000 0 eng d
020 ## - INTERNATIONAL STANDARD BOOK NUMBER
International Standard Book Number 9786071502971
040 ## - CATALOGING SOURCE
Original cataloging agency CO-CtgCURN
Language of cataloging spa
Transcribing agency coctgcurn
082 0# - DEWEY DECIMAL CLASSIFICATION NUMBER
Classification number 657.42
Item number T636
100 1# - MAIN ENTRY--PERSONAL NAME
Personal name Torres Salinas, Aldo.
245 10 - TITLE STATEMENT
Title Contabilidad de costos :
Remainder of title análisis para la toma de decisiones /
Statement of responsibility, etc. Aldo Torres Salinas.
250 ## - EDITION STATEMENT
Edition statement 3a ed.
260 ## - PUBLICATION, DISTRIBUTION, ETC.
Place of publication, distribution, etc. Mexico :
Name of publisher, distributor, etc. McGraw-Hill,
Date of publication, distribution, etc. 2010.
300 ## - PHYSICAL DESCRIPTION
Extent p.
336 ## - CONTENT TYPE
Source rdacontent
337 ## - MEDIA TYPE
Source rdamedia
Media type term sin mediacion
Media type code n
338 ## - CARRIER TYPE
Source rdacarrier
Carrier type term volumen
Carrier type code nc
505 8# - FORMATTED CONTENTS NOTE
Formatted contents note Necesidad de la contabilidad de costos.--Elementos de costo y su flujo.--Costeo por ordenes.--Costeo por procesos.--Costeo por procesos: multiples procesos y materia primas.--Costos por procesos y costos conjuntos.--Contabilidad de costos estandar.--Contabilidad de costos estandar. Análisis del costo indirecto.--Enfoques alternos en la contabilidad de costos indirectos.--Costeo por actividades como herramienta de reasignacion de costos
650 14 - SUBJECT ADDED ENTRY--TOPICAL TERM
Topical term or geographic name entry element Contabilidad de costos.
908 ## - PUT COMMAND PARAMETER (RLIN)
Put command parameter 160627
942 ## - ADDED ENTRY ELEMENTS (KOHA)
Koha item type Libros
Classification part 657.42
Item part T636
Source of classification or shelving scheme Dewey Decimal Classification
Existencias
Withdrawn status Lost status Source of classification or shelving scheme Damaged status Not for loan Collection Home library Current library Shelving location Date acquired Inventory number Total checkouts Full call number Barcode Date last seen Price effective from Koha item type Public note
    Dewey Decimal Classification     General Miguel Henríquez Castañeda Miguel Henríquez Castañeda General 03/31/2025 016130   657.42 T636 016130 03/31/2025 03/31/2025 Libros 650-ADMINS